[Event "VII Weekend B"]
[Site "Ivrea ITA"]
[Date "2001.03.25"]
[Round "6"]
[White "Sapone, Luigi"]
[Black "Piazza, Luigi"]
[Result "1-0"]
[WhiteElo "1476"]
[BlackElo "1338"]
[PlyCount "125"]
[EventDate "2001.03.17"]

1. e4 e6 2. d4 d5 3. e5 c5 4. c3 Qb6 5. b3 Nc6 6. Nf3 cxd4 7. cxd4 Bd7 8. a3
Nge7 9. Be2 Nf5 10. Bb2 Be7 11. O-O O-O 12. Qd3 a6 13. b4 Na5 14. Nc3 Nc4 15.
Rab1 f6 16. g4 Nh6 17. exf6 Bxf6 18. g5 Nf5 19. gxf6 Rxf6 20. Ne5 Nxe5 21. dxe5
Rg6+ 22. Kh1 Rf8 23. Bc1 Bc6 24. h3 d4+ 25. Ne4 Bb5 26. Qc2 Rd8 27. Bxb5 Qxb5
28. Re1 Qxe5 29. Rb3 Rf8 30. Qc5 Qxc5 31. Nxc5 Nd6 32. Rb2 Rf3 33. Kh2 Rxa3 34.
Nxe6 Nf5 35. Bf4 d3 36. Ng5 Kf8 37. Nxh7+ Kf7 38. Ng5+ Kf8 39. Ne6+ Kg8 40. Nc5
Nh4 41. Kh1 Ng2 42. Rg1 Nxf4 43. Rxg6 Nxg6 44. Nxb7 Nf4 45. Kh2 Rc3 46. Nc5 Rc2
47. Nxd3 Rxb2 48. Nxb2 Nd5 49. Nd3 Kf7 50. f4 Kf6 51. Kg3 Kf5 52. h4 Ke4 53.
Nc5+ Kd4 54. Nxa6 Kc4 55. Kg4 Nxb4 56. Nxb4 Kxb4 57. Kg5 Kc5 58. Kg6 Kd6 59.
Kxg7 Ke6 60. h5 Kf5 61. h6 Kxf4 62. h7 Kg5 63. h8=Q 1-0

[Event "VII Weekend B"]
[Site "Ivrea ITA"]
[Date "2001.03.25"]
[Round "6"]
[White "Torriano, Enzo"]
[Black "Quinto, Raffaele"]
[Result "0-1"]
[WhiteElo "1500"]
[BlackElo "1501"]
[PlyCount "88"]
[EventDate "2001.03.17"]

1. e4 c5 2. c3 d6 3. d4 cxd4 4. cxd4 e6 5. Nf3 Nf6 6. Nc3 Nc6 7. Bb5 a6 8. Ba4
d5 9. e5 Nd7 10. g3 Nb6 11. O-O Nxa4 12. Nxa4 b5 13. Nc3 Be7 14. Be3 Bb7 15. b4
O-O 16. Qd2 f6 17. Rfc1 fxe5 18. Nxe5 Bd6 19. Nxc6 Bxc6 20. Ne2 Rc8 21. Rc2 Qd7
22. Rac1 Bb7 23. Bf4 Rxc2 24. Rxc2 Rc8 25. Rxc8+ Bxc8 26. Bxd6 Qxd6 27. Qc1 Bd7
28. Qc5 Qxc5 29. dxc5 Kf7 30. Nd4 e5 31. Nf3 Kf6 32. Kf1 Bc6 33. a3 d4 34. Ne1
Kf5 35. Ke2 e4 36. Nc2 g5 37. Ne1 Kg4 38. h3+ Kxh3 39. f3 Kxg3 40. fxe4 Bxe4
41. Nd3 h5 42. Ne5 Kf4 43. Nd3+ Bxd3+ 44. Kxd3 Ke5 0-1

[Event "VII Weekend B"]
[Site "Ivrea ITA"]
[Date "2001.03.25"]
[Round "6"]
[White "Vozza, Nicola"]
[Black "Marguati, Massimiano"]
[Result "1-0"]
[WhiteElo "1666"]
[BlackElo "1575"]
[PlyCount "112"]
[EventDate "2001.03.17"]

1. d4 Nf6 2. Bg5 g6 3. Bxf6 exf6 4. e3 Bg7 5. Bd3 O-O 6. Nf3 d6 7. Nbd2 f5 8.
c3 Nd7 9. Qc2 Nf6 10. O-O d5 11. Ne5 c6 12. Be2 Qc7 13. Rac1 Ne4 14. Nd3 Be6
15. Rfe1 Rae8 16. Nf1 Qd8 17. f3 Nd6 18. b3 Bc8 19. Nf2 Bh6 20. Bd3 Re7 21. c4
Be6 22. Rcd1 Bg7 23. Nh3 h6 24. Nf4 Qd7 25. Ng3 Bf6 26. Re2 Qc8 27. Kh1 Bh4 28.
Nf1 Bg5 29. Nh3 Bf6 30. c5 Ne8 31. Qb1 Ng7 32. Bc2 Rfe8 33. Nf2 Bd7 34. e4 Bg5
35. g3 h5 36. Rde1 Bf6 37. Qd1 Ne6 38. exf5 gxf5 39. Bxf5 Nxd4 40. Rxe7 Rxe7
41. Rxe7 Bxe7 42. Bxd7 Qxd7 43. Qxd4 Qf5 44. Kg2 Bf6 45. Qd3 Qe5 46. Ne3 Qb2
47. Qc2 Qd4 48. Nf5 Qb4 49. Nd6 Bd4 50. Qf5 Qxc5 51. Qxf7+ Kh8 52. Qxh5+ Kg8
53. Qf7+ Kh8 54. Nf5 Qc2 55. Nxd4 Qh7 56. Qxh7+ Kxh7 1-0

[Event "XXII C.to Italiano UISP D"]
[Site "Frascati ITA"]
[Date "2001.12.??"]
[Round "?"]
[White "Antonetti, Mattia"]
[Black "Agrimi, Alessio"]
[Result "0-1"]
[WhiteElo "1500"]
[BlackElo "1525"]
[PlyCount "100"]
[EventDate "2001.12.06"]

1. Nf3 c5 2. g3 Nc6 3. Bg2 Nf6 4. O-O e6 5. d3 Be7 6. c4 O-O 7. Nc3 a6 8. Bg5
Qc7 9. d4 cxd4 10. Nxd4 Qe5 11. Nxc6 bxc6 12. Bf4 Qa5 13. Bd2 Qc7 14. Bf4 Qd8
15. Qa4 Qb6 16. Rab1 d5 17. cxd5 cxd5 18. Be3 Bc5 19. Bxc5 Qxc5 20. Rfc1 Bd7
21. Qd1 Qa7 22. e4 dxe4 23. Nxe4 Nxe4 24. Bxe4 Rad8 25. Qc2 f5 26. Bg2 f4 27.
Qc7 Qxc7 28. Rxc7 Bb5 29. b3 fxg3 30. hxg3 Rd2 31. a4 Rfxf2 32. axb5 Rxg2+ 33.
Kf1 axb5 34. Ra1 h6 35. Re7 Rxg3 36. Rxe6 Rxb3 37. Re2 Rxe2 38. Kxe2 h5 39. Rd1
Kh7 40. Rd5 Kh6 41. Rd6+ g6 42. Rd5 h4 43. Kd2 h3 44. Kc2 h2 45. Rd1 Rh3 46.
Rh1 g5 47. Kd2 g4 48. Ke2 g3 49. Kf3 Kg5 50. Kg2 Kg4 0-1

[Event "C.to Provinciale PG"]
[Site "ITA"]
[Date "2001.01.??"]
[Round "1"]
[White "Cesarini, Leopoldo"]
[Black "Scivales, Daniel"]
[Result "0-1"]
[WhiteElo "1500"]
[BlackElo "1916"]
[PlyCount "109"]
[EventDate "2001.01.??"]

1. d4 Nf6 2. c4 e6 3. Nc3 d5 4. e3 Be7 5. Qc2 O-O 6. Nf3 dxc4 7. Bxc4 c5 8. O-O
a6 9. a4 Nc6 10. Rd1 cxd4 11. Nxd4 Nxd4 12. exd4 Qc7 13. Bf1 b6 14. g3 Bb7 15.
Bg2 Bxg2 16. Kxg2 Rfd8 17. Be3 Qc6+ 18. Kg1 Nd5 19. Rac1 Rac8 20. Qe2 Nxc3 21.
bxc3 Qxa4 22. Ra1 Qb5 23. Qxb5 axb5 24. Rdc1 b4 25. Rab1 bxc3 26. Rxb6 c2 27.
Rb2 Ba3 28. Rcxc2 Bxb2 29. Rxb2 Rb8 30. Ra2 Rd7 31. Kg2 f6 32. Ra6 Kf7 33. h4
g6 34. Rc6 Rbd8 35. Rc4 h6 36. Ra4 g5 37. hxg5 hxg5 38. g4 Kg6 39. Kg3 f5 40.
gxf5+ exf5 41. f4 g4 42. Ra6+ Rd6 43. Ra4 Rc8 44. Ra3 Rdc6 45. Bd2 Rh8 46. Ra2
Rh3+ 47. Kg2 Rd6 48. Bb4 Rxd4 49. Ra6+ Kf7 50. Ra7+ Ke6 51. Re7+ Kd5 52. Rd7+
Ke4 53. Rxd4+ Kxd4 54. Bd6 Ke4 55. Bc7 0-1

[Event "C.to Provinciale PG"]
[Site "ITA"]
[Date "2001.01.??"]
[Round "1"]
[White "Mogranzini, Roberto"]
[Black "Colabrese, Cary"]
[Result "1-0"]
[WhiteElo "2104"]
[BlackElo "1585"]
[PlyCount "55"]
[EventDate "2001.01.??"]

1. d4 Nf6 2. Bg5 e6 3. e4 Be7 4. Bxf6 Bxf6 5. c3 O-O 6. Bd3 g6 7. Nf3 d6 8.
Nbd2 e5 9. O-O Nc6 10. dxe5 dxe5 11. Qe2 a6 12. Nc4 Qe7 13. Ne3 Be6 14. Nd5 Qd8
15. Rfd1 Bg7 16. Bc2 Qc8 17. Bb3 Re8 18. Ng5 h6 19. Nxe6 fxe6 20. Ne3 Nd8 21.
Qg4 Kh7 22. Rd3 h5 23. Qh4 Nf7 24. Rad1 Nh6 25. Rd7 Ng8 26. g4 Kh6 27. gxh5 Nf6
28. Ng4+ 1-0

[Event "C.to Provinciale PG"]
[Site "ITA"]
[Date "2001.01.??"]
[Round "2"]
[White "Lisena, Fabrizio"]
[Black "Mogranzini, Roberto"]
[Result "0-1"]
[WhiteElo "1690"]
[BlackElo "2104"]
[PlyCount "90"]
[EventDate "2001.01.??"]

1. d4 Nf6 2. c4 g6 3. Nc3 Bg7 4. e4 d6 5. Nge2 O-O 6. Ng3 c5 7. d5 e6 8. Be2
exd5 9. exd5 a6 10. O-O Nbd7 11. f4 Rb8 12. a4 Ne8 13. Qc2 f5 14. Be3 Ndf6 15.
h3 Bd7 16. Rfe1 Nc7 17. a5 Re8 18. Bd2 h5 19. Bd3 Rxe1+ 20. Rxe1 b6 21. axb6
Rxb6 22. Nd1 h4 23. Nf1 Nh5 24. Be2 Nf6 25. Bf3 Rb7 26. Bc3 Na8 27. Qf2 Ne8 28.
Bxg7 Kxg7 29. Re2 Qf6 30. Qe1 Kf8 31. Kh1 Rb4 32. Nfe3 Nb6 33. Rc2 Ba4 34. Rc3
Bb3 35. Be2 Na4 36. Rc1 Nxb2 37. Nxb2 Qxb2 38. Ra1 Qd4 39. Bf1 Qxf4 40. Rxa6
Qe4 41. Qc3 Qd4 42. Qe1 Ra4 43. Rxa4 Bxa4 44. g3 hxg3 45. Qxg3 f4 0-1

[Event "C.to Provinciale PG"]
[Site "ITA"]
[Date "2001.01.??"]
[Round "2"]
[White "Scivales, Daniel"]
[Black "Canestrelli, Luigi"]
[Result "1-0"]
[WhiteElo "1916"]
[BlackElo "1675"]
[PlyCount "103"]
[EventDate "2001.01.??"]

1. e4 e6 2. d4 d5 3. e5 c5 4. c3 Nc6 5. Nf3 Qb6 6. a3 f6 7. exf6 Nxf6 8. Bd3
cxd4 9. cxd4 Bd6 10. Nc3 O-O 11. O-O e5 12. dxe5 Nxe5 13. Nxe5 Bxe5 14. Nxd5
Nxd5 15. Qh5 Bxh2+ 16. Qxh2 Bf5 17. Qe5 Qe6 18. Qxe6+ Bxe6 19. Re1 Bf7 20. b4
Rae8 21. Bb2 Nf4 22. Be4 Bd5 23. Bxd5+ Nxd5 24. Rxe8 Rxe8 25. Rd1 Nb6 26. Kf1
Kf7 27. Rd3 Re7 28. Bd4 g6 29. Rf3+ Ke6 30. Rf6+ Kd5 31. Bxb6 axb6 32. Rxb6 Kc4
33. a4 Kc3 34. a5 Kc4 35. g3 Kb3 36. Kg2 Kc4 37. f4 Kd4 38. Kf3 Re3+ 39. Kg4
Re7 40. Kg5 Ke4 41. b5 Rf7 42. g4 Kd4 43. a6 bxa6 44. bxa6 Ra7 45. Rb7 Rxa6 46.
Rxh7 Ke4 47. Re7+ Kf3 48. f5 gxf5 49. gxf5 Ra5 50. Kg6 Kg4 51. Re4+ Kf3 52. Rb4
1-0

[Event "C.to Provinciale PG"]
[Site "ITA"]
[Date "2001.01.??"]
[Round "3"]
[White "Bonghi, Alessandro"]
[Black "Lisena, Fabrizio"]
[Result "1-0"]
[WhiteElo "1797"]
[BlackElo "1690"]
[PlyCount "45"]
[EventDate "2001.01.??"]

1. e4 e5 2. Nf3 Nf6 3. d4 Nxe4 4. Bd3 d5 5. Nxe5 Bd6 6. O-O O-O 7. Nd2 f5 8. f3
Nf6 9. c4 c6 10. Re1 Re8 11. Nf1 Qc7 12. Qc2 g6 13. Bg5 Nh5 14. cxd5 Bxe5 15.
dxe5 Rxe5 16. Bc4 Kf8 17. d6 Qg7 18. Bh6 Qxh6 19. Rxe5 Nd7 20. Re7 Ndf6 21.
Rae1 Nd5 22. Bxd5 cxd5 23. Qc3 1-0

[Event "C.to Provinciale PG"]
[Site "ITA"]
[Date "2001.01.??"]
[Round "3"]
[White "Canestrelli, Luigi"]
[Black "Colabrese, Cary"]
[Result "1/2-1/2"]
[WhiteElo "1675"]
[BlackElo "1585"]
[PlyCount "97"]
[EventDate "2001.01.??"]

1. d4 Nf6 2. c4 e6 3. Nf3 Bb4+ 4. Bd2 Qe7 5. a3 Bxd2+ 6. Nbxd2 d6 7. e4 e5 8.
d5 a5 9. Be2 O-O 10. b4 axb4 11. axb4 Rxa1 12. Qxa1 Na6 13. Qc3 b6 14. O-O Bb7
15. Ra1 Ra8 16. Ra3 Qd8 17. c5 bxc5 18. Bxa6 cxb4 19. Qxb4 Rxa6 20. Rxa6 Bxa6
21. Qa3 Qc8 22. Nh4 g6 23. Qg3 Kh8 24. Qg5 Ng8 25. f4 Qb7 26. fxe5 Qb6+ 27. Kh1
Qb2 28. h3 dxe5 29. Nhf3 f6 30. Qg4 Qb8 31. Qe6 Bc8 32. Qe8 Kg7 33. Nc4 Qb1+
34. Kh2 Qxe4 35. d6 Qf4+ 36. Kg1 Qc1+ 37. Kh2 Qf4+ 38. Kh1 Qc1+ 39. Ng1 Bxh3
40. d7 Bxg2+ 41. Kxg2 Qc2+ 42. Kf3 Qf5+ 43. Ke3 Qf4+ 44. Kd3 Qd4+ 45. Ke2 Qxc4+
46. Kf2 Qh4+ 47. Ke2 Qe4+ 48. Kd2 Qd4+ 49. Kc2 1/2-1/2

[Event "C.to Provinciale PG"]
[Site "ITA"]
[Date "2001.01.??"]
[Round "3"]
[White "Mogranzini, Roberto"]
[Black "Scivales, Daniel"]
[Result "1/2-1/2"]
[WhiteElo "2104"]
[BlackElo "1916"]
[PlyCount "34"]
[EventDate "2001.01.??"]

1. e4 c5 2. Nf3 d6 3. Bb5+ Bd7 4. Bxd7+ Qxd7 5. c4 g6 6. O-O Bg7 7. Nc3 Nc6 8.
d3 Nf6 9. h3 O-O 10. Be3 e5 11. Rb1 Nh5 12. Ne1 Nf4 13. Nd5 Nxd5 14. cxd5 Ne7
15. b4 b6 16. Nc2 f5 17. f3 fxe4 1/2-1/2

[Event "C.to Provinciale PG"]
[Site "ITA"]
[Date "2001.01.??"]
[Round "4"]
[White "Scivales, Daniel"]
[Black "Colabrese, Cary"]
[Result "1-0"]
[WhiteElo "1916"]
[BlackElo "1585"]
[PlyCount "79"]
[EventDate "2001.01.??"]

1. e4 e5 2. Nf3 Nf6 3. Nc3 Bb4 4. Nxe5 O-O 5. Nf3 Bxc3 6. bxc3 Nxe4 7. Be2 d5
8. O-O b6 9. Bb2 Bg4 10. h3 Bxf3 11. Bxf3 Nd7 12. c4 c6 13. cxd5 cxd5 14. c4
Ndf6 15. cxd5 Qd6 16. Qa4 b5 17. Qd4 Rfe8 18. Rfe1 Ng5 19. Bg4 Re4 20. Rxe4
Ngxe4 21. Re1 Re8 22. d3 Ng5 23. Rxe8+ Nxe8 24. h4 h5 25. Bf5 Nh7 26. Bxh7+
Kxh7 27. Qe4+ Qg6 28. Qxe8 Qxd3 29. Qe5 f6 30. Qd4 Qb1+ 31. Kh2 Qxa2 32. d6 Qa5
33. d7 Qc7+ 34. g3 Qd8 35. Qe4+ Kh6 36. Bc1+ g5 37. hxg5+ fxg5 38. Qe6+ Kh7 39.
Qf7+ Kh6 40. Bb2 1-0

[Event "C.to Provinciale PG"]
[Site "ITA"]
[Date "2001.01.??"]
[Round "5"]
[White "Canestrelli, Luigi"]
[Black "Lisena, Fabrizio"]
[Result "1-0"]
[WhiteElo "1675"]
[BlackElo "1690"]
[PlyCount "73"]
[EventDate "2001.01.??"]

1. e4 e5 2. Nf3 Nf6 3. Nxe5 d6 4. Nf3 Nxe4 5. d4 d5 6. Bd3 Bd6 7. O-O O-O 8. c4
c6 9. Re1 Re8 10. Nc3 Bf5 11. cxd5 Nxc3 12. bxc3 Rxe1+ 13. Nxe1 Bxd3 14. Qxd3
cxd5 15. Nf3 h6 16. Bd2 Nc6 17. Qb5 Rb8 18. Re1 a6 19. Qd3 Rc8 20. Qf5 Na5 21.
Ne5 Rc7 22. Re3 Nc4 23. Nxc4 Rxc4 24. Rf3 Qe7 25. Qxd5 b5 26. Re3 Qd7 27. g3
Rc8 28. Re4 Qc7 29. Rg4 Kh8 30. Qf5 Bf8 31. Bf4 Qc4 32. Bd2 Re8 33. d5 Qxa2 34.
Qxf7 Rd8 35. Bxh6 Qb1+ 36. Kg2 Qh7 37. Bg5 1-0

[Event "C.to Provinciale PG"]
[Site "ITA"]
[Date "2001.01.??"]
[Round "5"]
[White "Mogranzini, Roberto"]
[Black "Cesarini, Leopoldo"]
[Result "1-0"]
[WhiteElo "2104"]
[BlackElo "1500"]
[PlyCount "37"]
[EventDate "2001.01.??"]

1. e4 e6 2. d4 d5 3. e5 c5 4. c3 Nc6 5. Nf3 Qb6 6. a3 Nh6 7. b4 cxd4 8. cxd4
Nf5 9. Be3 Be7 10. Nc3 Bd7 11. Rc1 a6 12. Na4 Qa7 13. Nc5 b5 14. Bd3 Nxe3 15.
fxe3 f6 16. exf6 Bxf6 17. O-O O-O 18. Qc2 g6 19. Nxd7 1-0

[Event "C.to Provinciale PG"]
[Site "ITA"]
[Date "2001.01.??"]
[Round "5"]
[White "Scivales, Daniel"]
[Black "Bonghi, Alessandro"]
[Result "1-0"]
[WhiteElo "1916"]
[BlackElo "1797"]
[PlyCount "47"]
[EventDate "2001.01.??"]

1. e4 c5 2. Nf3 Nc6 3. d4 cxd4 4. Nxd4 Qc7 5. Nc3 e6 6. Be2 a6 7. O-O Nf6 8.
Kh1 Nxd4 9. Qxd4 b5 10. e5 Ng8 11. Be3 Ne7 12. Bf3 Bb7 13. Bxb7 Qxb7 14. Rad1
Nf5 15. Qd3 d5 16. exd6 Bxd6 17. Ne4 Be7 18. Bc5 Rd8 19. Qf3 Qc7 20. Rxd8+ Qxd8
21. Rd1 Qc8 22. Bxe7 Kxe7 23. g4 Rd8 24. Rxd8 1-0

[Event "C.to Provinciale PG"]
[Site "ITA"]
[Date "2001.01.??"]
[Round "6"]
[White "Colabrese, Cary"]
[Black "Bonghi, Alessandro"]
[Result "1-0"]
[WhiteElo "1585"]
[BlackElo "1797"]
[PlyCount "69"]
[EventDate "2001.01.??"]

1. d4 d5 2. c4 c6 3. cxd5 cxd5 4. Nc3 Nf6 5. Bf4 e6 6. e3 Nc6 7. Bd3 Bb4 8.
Nge2 O-O 9. h3 a6 10. O-O b5 11. Rc1 Bb7 12. a3 Be7 13. b4 Nd7 14. Rc2 Nb6 15.
Qa1 Nc4 16. Nc1 Qb6 17. Bxc4 dxc4 18. d5 Na7 19. e4 exd5 20. Be3 d4 21. Nd5
Bxd5 22. Bxd4 Qg6 23. exd5 Qxc2 24. Bxg7 Rfe8 25. Qd4 Qg6 26. Be5 Nc8 27. Ne2
Bd6 28. f4 f6 29. Rf3 fxe5 30. Qf2 exf4 31. Nxf4 Qb1+ 32. Kh2 Qe1 33. Rg3+ Kh8
34. Ng6+ Kg7 35. Ne5+ 1-0

[Event "XXXIII C.to Italiano a squadre A1 Sud"]
[Site "ITA"]
[Date "2001.??.??"]
[Round "4"]
[White "Bruno, Fabio"]
[Black "Arlandi, Ennio"]
[Result "1-0"]
[WhiteElo "2260"]
[BlackElo "2423"]
[PlyCount "51"]
[EventDate "2001.02.25"]

1. d4 Nf6 2. Bg5 e6 3. e3 Be7 4. Nd2 d5 5. Bd3 O-O 6. f4 b6 7. Ngf3 c5 8. c3 a5
9. Ne5 Qc7 10. O-O Ba6 11. Bxa6 Nxa6 12. f5 Rae8 13. Qf3 Nb8 14. Qh3 Qc8 15.
Ndf3 Ne4 16. Bxe7 Rxe7 17. Qh4 Qe8 18. f6 gxf6 19. Ng4 Nd7 20. Nd2 f5 21. Nxe4
dxe4 22. Nf6+ Nxf6 23. Qg5+ Kh8 24. Qxf6+ Kg8 25. Kh1 Rd7 26. Rf3 1-0

[Event "XXXIII C.to Italiano a squadre A2.1"]
[Site "ITA"]
[Date "2001.02.25"]
[Round "1"]
[White "Aglietti, Graziano"]
[Black "Rivello, Roberto"]
[WhiteElo "2087"]
[BlackElo "2280"]
[Result "1-0"]
[PlyCount "51"]
[EventDate "2001.02.25"]

1. e4 c5 2. c3 g6 3. d4 Qa5 4. dxc5 Qxc5 5. Be3 Qc7 6. Na3 Nc6 7. Nb5 Qb8 8. f4
d6 9. Nf3 a6 10. Nbd4 Nf6 11. Bc4 Bg7 12. Ng5 e6 13. f5 h6 14. fxe6 hxg5 15.
exf7+ Kf8 16. Nxc6 bxc6 17. e5 Ng4 18. Bxg5 Nxe5 19. Bb3 d5 20. Bxd5 cxd5 21.
Qxd5 Nxf7 22. O-O-O Nxg5 23. Qd8+ Kf7 24. Rhf1+ Bf5 25. Rd7+ Ke6 26. Qe7# 1-0

[Event "XXXIII C.to Italiano a squadre A2.1"]
[Site "ITA"]
[Date "2001.02.25"]
[Round "1"]
[White "Mrdja, Milan"]
[Black "Ranieri, Fabrizio"]
[WhiteElo "2450"]
[BlackElo "2164"]
[Result "1-0"]
[PlyCount "85"]
[EventDate "2001.02.25"]

1. e4 e6 2. Qe2 c5 3. Nf3 Nc6 4. g3 Be7 5. Bg2 d5 6. d3 Nf6 7. O-O O-O 8. e5
Nd7 9. c4 Nb6 10. Nc3 Bd7 11. Rd1 a6 12. b3 a5 13. cxd5 exd5 14. d4 Bg4 15.
dxc5 Bxc5 16. Qb5 Bxf3 17. Bxf3 Nd4 18. Qxc5 Nxf3+ 19. Kg2 Nxe5 20. Nxd5 Nbd7
21. Qb5 b6 22. Be3 Rb8 23. f4 Ng4 24. Bg1 Ndf6 25. h3 Nh6 26. g4 Nxd5 27. Qxd5
Qe7 28. Qf3 Rfc8 29. Rd2 f6 30. Rad1 Nf7 31. Bf2 b5 32. Rd7 Qe6 33. Ra7 Qc6 34.
Qxc6 Rxc6 35. Rdd7 Rf8 36. Rxa5 g5 37. Rxb5 gxf4 38. Rc5 Ra6 39. a4 Ne5 40. Rd4
Rb8 41. Rb5 f3+ 42. Kg3 Rc8 43. Rb7 1-0

[Event "XXXIII C.to Italiano a squadre A2.1"]
[Site "ITA"]
[Date "2001.02.25"]
[Round "1"]
[White "Pernigotti, Carlo"]
[Black "Astengo, Marcello"]
[WhiteElo "2166"]
[BlackElo "2024"]
[Result "1-0"]
[PlyCount "111"]
[EventDate "2001.02.25"]

1. e4 e6 2. d4 d5 3. Nd2 Nf6 4. e5 Nfd7 5. Bd3 c5 6. c3 Nc6 7. Ne2 cxd4 8. cxd4
Qb6 9. Nf3 f6 10. exf6 Nxf6 11. O-O Bd6 12. b3 e5 13. dxe5 Nxe5 14. Nxe5 Bxe5
15. Be3 Qd6 16. Rc1 Bxh2+ 17. Kh1 O-O 18. Bc5 Qe5 19. Bxf8 Qh5 20. Ng3 Qh4 21.
Nf5 Bxf5 22. Bxf5 Be5+ 23. Bh3 Rxf8 24. Kg1 Kh8 25. Qf3 g6 26. Rc2 Kg7 27. Rfc1
Bd6 28. Rc8 Rf7 29. R1c2 g5 30. Be6 Re7 31. g3 Qd4 32. Qf5 h6 33. Kg2 Qd1 34.
R2c3 Qd4 35. Rf3 Be5 36. Rg8+ Nxg8 37. Qf8+ Kg6 38. Qxg8+ Bg7 39. Bf5+ Kf6 40.
Bc8+ Kg6 41. Bf5+ Kf6 42. Bh7+ Ke5 43. Qb8+ Ke6 44. Re3+ Be5 45. Bg8+ Kd7 46.
Qxb7+ Kd6 47. Qb8+ Rc7 48. b4 Qb6 49. Qf8+ Re7 50. Rxe5 Kxe5 51. Qxe7+ Kd4 52.
Qe3+ Kc4 53. Qb3+ Kd4 54. Qxd5+ Kc3 55. Qb3+ Kd4 56. Qe3# 1-0

[Event "XXXIII C.to Italiano a squadre A2.1"]
[Site "ITA"]
[Date "2001.03.11"]
[Round "2"]
[White "Aglietti, Graziano"]
[Black "Massa, Giovanni"]
[WhiteElo "2087"]
[BlackElo "2167"]
[Result "1-0"]
[PlyCount "75"]
[EventDate "2001.02.25"]

1. e4 c5 2. c3 Nf6 3. e5 Nd5 4. d4 cxd4 5. Nf3 e6 6. cxd4 b6 7. Nc3 Nxc3 8.
bxc3 Qc7 9. Bd2 d6 10. Bd3 Nd7 11. Qe2 Bb7 12. O-O Be7 13. Rfe1 O-O 14. Be4
dxe5 15. Bxb7 Qxb7 16. dxe5 Rac8 17. Rad1 Rfd8 18. Bg5 Nc5 19. Bxe7 Qxe7 20.
Rxd8+ Rxd8 21. Nd4 Qd7 22. h4 a6 23. Nb3 Nd3 24. Rf1 Qd5 25. f4 b5 26. Nd4 Nc5
27. f5 Ne4 28. fxe6 Nxc3 29. exf7+ Kf8 30. Qh5 Qxd4+ 31. Kh1 Qd3 32. Rf3 Qd1+
33. Kh2 Ne2 34. e6 Qg1+ 35. Kh3 Qh1+ 36. Kg4 Qxg2+ 37. Kf5 g6+ 38. Kf6 1-0

[Event "XXXIII C.to Italiano a squadre A2.1"]
[Site "ITA"]
[Date "2001.03.11"]
[Round "2"]
[White "Guido, Flavio"]
[Black "Castaldo, Folco"]
[WhiteElo "2362"]
[BlackElo "2298"]
[Result "1/2-1/2"]
[PlyCount "148"]
[EventDate "2001.02.25"]

1. e4 e6 2. d4 d5 3. e5 c5 4. c3 Qb6 5. Nf3 Nc6 6. a3 Nh6 7. b4 cxd4 8. cxd4
Nf5 9. Be3 Bd7 10. Bd3 Rc8 11. O-O Be7 12. Bxf5 exf5 13. Nc3 Be6 14. Rc1 O-O
15. Na4 Qd8 16. Nc5 b6 17. Nd3 g5 18. g3 Kh8 19. Nd2 f4 20. gxf4 Bh3 21. Re1
Rg8 22. Kh1 Bf5 23. Qe2 g4 24. Rc3 Bf8 25. Rec1 Rg6 26. e6 Rxe6 27. Ne5 Qf6 28.
b5 Nxe5 29. fxe5 Rxc3 30. Rxc3 Qd8 31. Bf4 Qd7 32. Bg5 Be7 33. Qe3 Rg6 34. Bxe7
Qxe7 35. Qf4 Rg5 36. Nf1 Be6 37. Kg1 Rg8 38. Ne3 Rg6 39. Nf1 Qd7 40. a4 Qe7 41.
Ng3 Qb4 42. Rc7 Qxa4 43. Rb7 Qd1+ 44. Kg2 h5 45. Nxh5 Qf3+ 46. Qxf3 gxf3+ 47.
Kf1 Rh6 48. Nf6 Kg7 49. Rb8 Kg6 50. Rg8+ Kf5 51. Kg1 Rh4 52. Rg3 Rxd4 53. Rxf3+
Kxe5 54. Ne8 Rb4 55. Re3+ Kf4 56. Nc7 d4 57. Nxe6+ fxe6 58. Ra3 Rxb5 59. Rxa7
d3 60. Ra2 Kf3 61. h4 Rh5 62. Rd2 Rd5 63. h5 Ke4 64. h6 Rh5 65. Rb2 Rxh6 66.
Rxb6 Kd4 67. Rd6+ Kc3 68. f4 Rf6 69. Kf2 Rxf4+ 70. Ke3 Rh4 71. Rxd3+ Kc4 72.
Rd6 e5 73. Rd8 Kc5 74. Rd7 Kc4 1/2-1/2

[Event "XXXIII C.to Italiano a squadre A2.1"]
[Site "ITA"]
[Date "2001.03.11"]
[Round "2"]
[White "Pernigotti, Carlo"]
[Black "Mariano, Elia"]
[WhiteElo "2166"]
[BlackElo "2156"]
[Result "1/2-1/2"]
[PlyCount "72"]
[EventDate "2001.02.25"]

1. e4 c6 2. d4 d5 3. exd5 cxd5 4. Bd3 Nc6 5. c3 Nf6 6. Bf4 g6 7. Nf3 Bg7 8. h3
O-O 9. Qc2 Nd7 10. O-O e5 11. dxe5 Ndxe5 12. Nxe5 Nxe5 13. Bxe5 Bxe5 14. Nd2
Qf6 15. Nf3 Bc7 16. Be2 Bf5 17. Qd2 Be4 18. Qd4 Qd6 19. g3 Rfe8 20. Kh2 Bf5 21.
Qd2 Qd7 22. Nd4 a6 23. Nxf5 Qxf5 24. Bg4 Qe4 25. Rfe1 Qc4 26. Bf3 Rxe1 27. Rxe1
Rd8 28. b3 Qc5 29. Qd4 Qxd4 30. cxd4 Bb6 31. Rd1 Kf8 32. Kg2 Ke7 33. Kf1 Kd6
34. Rd3 Rc8 35. Bd1 Rc1 36. Ke2 Ra1 1/2-1/2

[Event "XXXIII C.to Italiano a squadre A2.1"]
[Site "ITA"]
[Date "2001.03.11"]
[Round "2"]
[White "Ranieri, Fabrizio"]
[Black "Di Paolo, Raffaele"]
[WhiteElo "2164"]
[BlackElo "2299"]
[Result "0-1"]
[PlyCount "122"]
[EventDate "2001.02.25"]

1. e4 Nc6 2. Nf3 d6 3. d4 Bg4 4. Be3 Nf6 5. Nc3 e5 6. Bb5 exd4 7. Qxd4 Nd7 8.
Qa4 Bxf3 9. gxf3 Nce5 10. f4 Ng4 11. O-O-O Nxe3 12. fxe3 c6 13. Be2 Qb6 14. Qd4
O-O-O 15. Rhg1 Qxd4 16. exd4 g6 17. Kb1 Bg7 18. h4 Bh6 19. Rgf1 a6 20. f5 Rhf8
21. a3 Bg7 22. Rg1 Bf6 23. h5 g5 24. Bf3 h6 25. Ne2 Rfe8 26. Nc1 Nb6 27. b3 a5
28. a4 Nd7 29. Ne2 Bg7 30. Ng3 Kc7 31. Rge1 Bf6 32. Rg1 Rb8 33. c4 c5 34. e5
dxe5 35. dxc5 Nxc5 36. Ne4 Be7 37. Kc2 Na6 38. Nc3 Nb4+ 39. Kb2 Bc5 40. Nb5+
Kb6 41. Rge1 Rbd8 42. Be4 f6 43. Kc1 Bf2 44. Rf1 Be3+ 45. Kb1 Bd4 46. Na3 g4
47. Nc2 Rg8 48. Nxb4 axb4 49. Rd2 Rg5 50. Rh1 g3 51. Kc2 Rg4 52. Bg2 Rf4 53.
Rf1 Rxf1 54. Bxf1 Rg8 55. Bg2 Rg5 56. Rd3 Kc5 57. Rf3 e4 58. Rf4 Rxh5 59. Rxe4
Rxf5 60. Kd3 Rf2 61. Re2 Rxg2 0-1

[Event "XXXIII C.to Italiano a squadre A2.1"]
[Site "ITA"]
[Date "2001.03.11"]
[Round "2"]
[White "Vujovic, Milorad"]
[Black "Molina, Fabrizio"]
[WhiteElo "2269"]
[BlackElo "2305"]
[Result "1/2-1/2"]
[PlyCount "84"]
[EventDate "2001.02.25"]

1. e4 e6 2. d4 d5 3. exd5 exd5 4. Bd3 Bd6 5. Qf3 c6 6. Ne2 Qf6 7. Bf4 Bxf4 8.
Qxf4 Qxf4 9. Nxf4 Ne7 10. O-O Bf5 11. Re1 Bxd3 12. Nxd3 Nd7 13. Nd2 f6 14. Re6
Kf7 15. Rae1 Ng6 16. f4 Rhe8 17. f5 Ngf8 18. R6e3 Rxe3 19. Rxe3 Re8 20. Kf2 g5
21. Rh3 Re7 22. Rh5 Kg7 23. Kf1 Nb6 24. h4 h6 25. Nf2 Nc8 26. Ng4 Nd6 27. hxg5
hxg5 28. Rxg5+ fxg5 29. f6+ Kf7 30. fxe7 Kxe7 31. Kf2 Ne6 32. c3 Nf4 33. Ne5
Ke6 34. g3 Nh5 35. Kf3 Nf6 36. Nb3 Nfe4 37. Nd3 Kf5 38. g4+ Kf6 39. Nbc5 Nxc5
40. Nxc5 Ke7 41. a4 b6 42. Nd3 Ne4 1/2-1/2

[Event "XXXIII C.to Italiano a squadre A2.1"]
[Site "ITA"]
[Date "2001.03.25"]
[Round "3"]
[White "Castaldo, Folco"]
[Black "Todorov, Todor"]
[WhiteElo "2298"]
[BlackElo "2423"]
[Result "1/2-1/2"]
[PlyCount "83"]
[EventDate "2001.02.25"]

1. Nf3 g6 2. e4 Bg7 3. d4 d6 4. Nc3 Nf6 5. h3 O-O 6. Be3 a6 7. a4 b6 8. Be2 Bb7
9. d5 c6 10. O-O cxd5 11. exd5 Nbd7 12. g4 Rc8 13. Bd4 Rc7 14. g5 Nh5 15. Qd2
Qc8 16. Rae1 Nc5 17. Bxg7 Nxg7 18. Kh2 Qd7 19. a5 Bc8 20. Ng1 bxa5 21. Bg4 Qd8
22. Nge2 Nf5 23. Bxf5 Bxf5 24. Nd4 e5 25. Nxf5 gxf5 26. f4 Qc8 27. Rf2 e4 28.
Re3 Nd7 29. h4 Qb7 30. Ne2 Nb6 31. Rc3 Qxd5 32. Qxd5 Nxd5 33. Rxc7 Nxc7 34. Nd4
Rb8 35. b3 a4 36. bxa4 Rb2 37. Nxf5 d5 38. Rd2 Ra2 39. Ne7+ Kf8 40. Nxd5 Nxd5
41. Rxd5 Rxa4 42. Kg3 1/2-1/2